Music Quiz

Random Music or Artist Quiz

Music Clip Challenge Quiz Stats

 Plays Quiz Updated Jul 31, 2017

Score 0/36 Timer 09:00
28 Plays Today
Time Interval Song % Correct
0:15-0:18Lose Yourself
78%
1:15-1:18Hey Ya!
73.4%
0:55-0:58Paper Planes
59.4%
2:56-2:59Never Gonna Give You Up
57.5%
2:46-2:49Seven Nation Army
57.2%
0:50-0:53Use Somebody
56.2%
1:56-1:59Dream On
54.9%
2:01-2:04Eleanor Rigby
54.9%
0:10-0:13One More Time
52.4%
0:05-0:08Born to Run
51.8%
0:25-0:28Feel Good Inc.
49.2%
1:51-1:54Beverly Hills
48.9%
1:10-1:13Kids
48.3%
1:25-1:28Don't Stop Me Now
44.8%
1:05-1:08Float On
44.4%
2:26-2:29Take Me Out
40.5%
0:35-0:38Burning Down the House
39.8%
0:00-0:03No Rain
39.7%
Time Interval Song % Correct
1:31-1:34Sympathy for the Devil
38.7%
0:30-0:33Walk on the Wild Side
36%
0:40-0:43Sabotage
34.2%
0:20-0:23Go Your Own Way
32.1%
1:20-1:23When Doves Cry
32%
2:11-2:14November Rain
31.5%
1:46-1:49Gin & Juice
29.2%
1:41-1:44Today
27.9%
2:06-2:09Monkey Wrench
27%
0:45-0:48Any Way You Want It
25.6%
1:00-1:03Master of Puppets
24.8%
2:36-2:39By The Way
23.9%
2:41-2:44A-Punk
21.5%
2:51-2:54Eruption
18.2%
2:21-2:24Rockin' in the Free World
15%
2:16-2:19The Ocean
10.8%
2:31-2:34Just
10%
1:36-1:39Family Affair
4%

You're not logged in!

Compare scores with friends on all Sporcle quizzes.
OR
Log In

Sporcle TV

Today on Sporcle TV


Watch our educational content, quiz creation guides, and fun videos on Sporcle TV.

Show Comments

Extras

Top Quizzes Today


Score Distribution

Your Account Isn't Verified!

In order to create a playlist on Sporcle, you need to verify the email address you used during registration. Go to your Sporcle Settings to finish the process.

Report this User

Report this user for behavior that violates our Community Guidelines.

Details: